00523nam a2200157 a 450000100100000000500170001000800410002702000150006804000250008310000230010824500680013126000400019930000290023950000630026850000340033100003900620201002031445.0130513s2003 dr a 000 0 spa d a0967400619 aDO-SdBNPbspacBNPHU1 aMcMurtry, Grady S.13aLa creación :bnuestra visión global /cGladys S. Mcmurtry. aSanto Domingo :bLa Unión,c2003. a131 p. :bils. ;c23 cm. aIncluye datos biográficos del autor en la contracubierta aTraducida del idioma inglés